000 00650nam a2200265Ia 4500
005 20260121165957.0
008 008 260114s9999 xx 000 0 eng d
020 _a9783319256252
037 _aEBOOK
040 _aCRL
040 _beng
040 _cCRL
041 _2eng
041 _aeng
084 _qCRL
100 _aNimrod Bar-Am
_91058312
245 0 _aIn Search of a Simple Introduction to Communication
260 _bSpringer
260 _bSpringer
260 _c2016
856 _uhttps://link.springer.com/openurl?genre=book&isbn=978-3-319-25625-2
942 _cEBOOK
999 _c1624041
_d1624041